Sobrevivir entre pirañas : (Registro nro. 10321)

Detalles MARC
000 -LIDER
fixed length control field 00698nam a22002297a 4500
001 - NÚMERO DE CONTROL
Identificador de número de control 00503
003 - IDENTIFICACDOR DE NÚMERO DE CONTROL
control field DO-SdBNP
005 - DATE AND TIME OF LATEST TRANSACTION
control field 20180205151647.0
007 - CAMPOS FIJOS DE DESCRIPCIÓN FÍSICA
fixed length control field 00503
008 - ELEMENTOS DE LONGITUD FIJA
fixed length control field 160608b xxu 2004||||| |||| 00| 0 spa d
020 ## - ISBN
International Standard Book Number 9780971995093
040 ## - FUENTE DE CATALOGACIÓN
Agencia que crea de manera original el registro BPMSU
Idioma de catalogación spa
Agencia que realiza la transcripción BPMSU
092 ## - LOCALLY ASSIGNED DEWEY DECIMAL CALL NUMBER
Número de clasificación xxxxxxxx
Número de ítem (Cutter) xxxxxxxx
100 1# - ASIENTO PRINCIPAL -- NOMBRE PERSONAL
Nombre personal Posada, Joachim de,
245 1# - MENCIÓN DE TITULO
Título Sobrevivir entre pirañas :
Subtítulo motivación para el éxito /
Mención de responsabilidad Joachim de Posada ; traducción Alejandrina Gamundi
260 ## - PUBLICACIÓN, DISTRIBUCIÓN, ETC. (PIE DE IMPRENTA)
Lugar de publicación, distribución, etc Miami, Florida :
Nombre del editor, distribuidor, etc. Planeta,
Fecha de publicación, distribución, etc 2004.
300 ## - DESCRIPCIÓN FÍSICA
Extensión 229 p. :
Otros detalles físicos il.,
Dimensiones 23 cm.
700 ## - ASIENTO SECUNDARIO -- NOMBRE PERSONAL
Nombre personal Gamundi, Alejandrina,
Numeración tr.
942 ## - ADDED ENTRY ELEMENTS (KOHA)
Source of classification or shelving scheme Dewey Decimal Classification
Koha item type Libros
945 ## - INFORMACIÓN DE PROCESAMIENTO LOCAL
Información de procesamiento local Inventariado, 2018/ YL
956 ## - LOCAL ELECTRONIC LOCATION AND ACCESS (OCLC)
Nombre de host BTAVÄREZ
Número de acceso 10
Información de compresión 20160806
Trayectoria 00503
Existencias
Withdrawn status Lost status Source of classification or shelving scheme Damaged status Not for loan Collection code Home library Current library Date acquired Source of acquisition Total Checkouts Barcode Date last seen Price effective from Koha item type
    Dewey Decimal Classification     Colección General Biblioteca Pública Metropolitana Salomé Ureña Biblioteca Pública Metropolitana Salomé Ureña 06/08/2016 Donación   BPMSU16060113 06/08/2016 06/08/2016 Libros